[Event "SUI-chT"]
[Site "Switzerland"]
[Date "2015.09.05"]
[Round "6.5"]
[White "Nuri, Kambez"]
[Black "Umbach, Andreas"]
[Result "0-1"]
[WhiteElo "2339"]
[BlackElo "2265"]
[PlyCount "48"]
[EventDate "2015.03.29"]
[EventType "team-tourn"]
[EventRounds "9"]
[EventCountry "SUI"]
[SourceTitle "EXT 2016"]
[Source "ChessBase"]
[SourceDate "2015.10.08"]
[SourceVersion "1"]
[SourceVersionDate "2015.10.08"]
[SourceQuality "1"]
[WhiteTeam "Winterthur"]
[BlackTeam "Wollishofen"]
[WhiteTeamCountry "SUI"]
[BlackTeamCountry "SUI"]

1. e4 c5 2. Nc3 Nc6 3. f4 g6 4. Nf3 Bg7 5. Bb5 Nd4 6. Bc4 d6 7. 0-0 e6 8. Nxd4 cxd4 9. Ne2 Ne7 10. Bb3 0-0 11. d3 Nc6 12. Ng3 f5 13. exf5 gxf5 14. Qe2 Rf6 15. Bd2 Bd7 16. c3 Qb6 17. Kh1 Na5 18. Nh5 Rg6 19. Nxg7 Nxb3 20. Nxf5 exf5 21. axb3 Re8 22. Qd1 Bc6 23. Rg1 dxc3 24. bxc3 Qf2 0-1

[Event "Split op 5th"]
[Site "Split"]
[Date "2015.08.14"]
[Round "7"]
[White "Nuri, Kambez"]
[Black "Gaehwiler, Gabriel"]
[Result "1-0"]
[WhiteElo "2276"]
[BlackElo "2350"]
[PlyCount "57"]
[EventDate "2015.08.09"]
[EventType "swiss"]
[EventRounds "9"]
[EventCountry "CRO"]
[SourceTitle "EXT 2016"]
[Source "ChessBase"]
[SourceDate "2015.10.08"]
[SourceVersion "1"]
[SourceVersionDate "2015.10.08"]
[SourceQuality "1"]

1. e4 c5 2. Nf3 d6 3. d4 cxd4 4. Qxd4 a6 5. h3 Nc6 6. Qe3 Nf6 7. c4 e6 8. Be2 Be7 9. 0-0 0-0 10. Nc3 b6 11. Rd1 Qc7 12. b3 Nb4 13. Rb1 d5 14. exd5 exd5 15. a3 Bc5 16. Qf4 Bd6 17. Qd2 Bf5 18. axb4 Bxb4 19. Bd3 Bxd3 20. Qxd3 dxc4 21. bxc4 Bxc3 22. Qxc3 Rfc8 23. Be3 b5 24. c5 Rab8 25. Qd4 Qc6 26. Ne5 Qe4 27. Nd7 Nxd7 28. Qxd7 Qe8 29. Qd6 1-0

[Event "Gibraltar Masters 13th"]
[Site "Caleta"]
[Date "2015.02.04"]
[Round "9"]
[White "Nuri, Kambez"]
[Black "Debashis, Das"]
[Result "0-1"]
[WhiteElo "2305"]
[BlackElo "2503"]
[PlyCount "56"]
[EventDate "2015.01.27"]
[EventType "swiss"]
[EventRounds "10"]
[EventCountry "GGB"]
[SourceTitle "CBM 165"]
[Source "ChessBase"]
[SourceDate "2015.03.11"]
[SourceVersion "1"]
[SourceVersionDate "2015.03.11"]
[SourceQuality "1"]

1. e4 c5 2. Nf3 d6 3. Bb5+ Nc6 4. 0-0 Bd7 5. Re1 Nf6 6. c3 a6 7. Bf1 Bg4 8. h3 Bh5 9. d3 e6 10. Nbd2 Be7 11. b3 0-0 12. Bb2 Rc8 13. g4 Bg6 14. Nh4 Nd7 15. Nxg6 fxg6 16. Bg2 Bh4 17. Rf1 Bg5 18. Nc4 Qe7 19. Bc1 Bxc1 20. Qxc1 g5 21. f4 b5 22. Nb2 gxf4 23. Rxf4 Nde5 24. Rxf8+ Rxf8 25. a3 Nf3+ 26. Bxf3 Rxf3 27. Kg2 Ne5 28. Qe1 Qf6 0-1

[Event "Gibraltar Masters 13th"]
[Site "Caleta"]
[Date "2015.01.30"]
[Round "4"]
[White "Donchenko, Alexander"]
[Black "Nuri, Kambez"]
[Result "1-0"]
[WhiteElo "2511"]
[BlackElo "2305"]
[PlyCount "43"]
[EventDate "2015.01.27"]
[EventType "swiss"]
[EventRounds "10"]
[EventCountry "GGB"]
[SourceTitle "CBM 165"]
[Source "ChessBase"]
[SourceDate "2015.03.11"]
[SourceVersion "1"]
[SourceVersionDate "2015.03.11"]
[SourceQuality "1"]

1. d4 Nf6 2. c4 g6 3. g3 Bg7 4. Bg2 0-0 5. Nc3 d6 6. Nf3 Nbd7 7. 0-0 e5 8. e4 c6 9. h3 exd4 10. Nxd4 Re8 11. Be3 Nc5 12. Qc2 Qe7 13. Rfe1 a5 14. Rad1 Bd7 15. Bf4 Rad8 16. Nb3 Bc8 17. Nxa5 d5 18. cxd5 cxd5 19. Bg5 Qc7 20. Bxf6 Bxf6 21. Nxd5 Rxd5 22. exd5 1-0

[Event "Gibraltar Masters 13th"]
[Site "Caleta"]
[Date "2015.01.29"]
[Round "3"]
[White "Nuri, Kambez"]
[Black "Fomani, Medhi"]
[Result "1-0"]
[WhiteElo "2305"]
[BlackElo "2033"]
[PlyCount "93"]
[EventDate "2015.01.27"]
[EventType "swiss"]
[EventRounds "10"]
[EventCountry "GGB"]
[SourceTitle "CBM 165"]
[Source "ChessBase"]
[SourceDate "2015.03.11"]
[SourceVersion "1"]
[SourceVersionDate "2015.03.11"]
[SourceQuality "1"]

1. e4 c6 2. d4 d5 3. Nc3 dxe4 4. Nxe4 Bf5 5. Ng3 Bg6 6. h4 h6 7. Nf3 Nd7 8. h5 Bh7 9. Bd3 Bxd3 10. Qxd3 e6 11. Bd2 Ngf6 12. 0-0-0 Be7 13. Ne2 Ng4 14. Rdf1 Qc7 15. Bf4 Qa5 16. Kb1 0-0-0 17. Nd2 Ngf6 18. Nc4 Qa6 19. Nd6+ Bxd6 20. Qxa6 bxa6 21. Bxd6 Rhe8 22. f3 Nd5 23. Re1 N7b6 24. Bc5 Kb7 25. b3 a5 26. c4 Nb4 27. Rd1 Na6 28. Ba3 a4 29. Nc3 axb3 30. axb3 Rd7 31. Kc2 Red8 32. Ne4 f5 33. Nd6+ Kc7 34. Rhe1 Nc8 35. Nxc8 Kxc8 36. Rxe6 Nb8 37. Bc5 Kb7 38. Rde1 Na6 39. Re7 Nxc5 40. dxc5 Kc8 41. Rxd7 Rxd7 42. Re8+ Kc7 43. Rf8 Re7 44. Kd3 f4 45. Rxf4 Re5 46. Rf7+ Kb8 47. g4 1-0

[Event "Gibraltar Masters 13th"]
[Site "Caleta"]
[Date "2015.01.27"]
[Round "1"]
[White "Nuri, Kambez"]
[Black "Yu, Yangyi"]
[Result "0-1"]
[WhiteElo "2305"]
[BlackElo "2724"]
[PlyCount "64"]
[EventDate "2015.01.27"]
[EventType "swiss"]
[EventRounds "10"]
[EventCountry "GGB"]
[SourceTitle "CBM 165"]
[Source "ChessBase"]
[SourceDate "2015.03.11"]
[SourceVersion "1"]
[SourceVersionDate "2015.03.11"]
[SourceQuality "1"]

1. e4 c5 2. Nf3 e6 3. d4 cxd4 4. Nxd4 a6 5. c4 Nf6 6. Nc3 Bb4 7. Qd3 Qc7 8. Nc2 Bd6 9. g3 b6 10. Bg2 Bb7 11. 0-0 Nc6 12. b3 0-0 13. Rd1 Be7 14. h3 d6 15. f4 Rad8 16. Ba3 Rfe8 17. Ne3 Ba8 18. Kh2 Qb8 19. Qc2 b5 20. Bb2 bxc4 21. Nxc4 d5 22. Ne5 Nb4 23. Qe2 d4 24. Na4 Qb5 25. Qxb5 axb5 26. Nb6 Bxe4 27. Bxe4 Nxe4 28. a3 f6 29. Ned7 Nd5 30. Rxd4 Nxb6 31. Nxb6 Rxd4 32. Bxd4 Rd8 0-1

[Event "Zuerich op-A 38th"]
[Site "Zuerich"]
[Date "2014.12.29"]
[Round "5"]
[White "Nuri, Kambez"]
[Black "Georgiev, Kiril"]
[Result "0-1"]
[WhiteElo "2317"]
[BlackElo "2628"]
[PlyCount "48"]
[EventDate "2014.12.26"]
[EventType "swiss"]
[EventRounds "7"]
[EventCountry "SUI"]
[SourceTitle "CBM 164 Extra"]
[Source "ChessBase"]
[SourceDate "2015.03.02"]
[SourceVersion "1"]
[SourceVersionDate "2015.03.02"]
[SourceQuality "1"]

1. e4 d6 2. d4 Nf6 3. Nc3 g6 4. Nf3 Bg7 5. h3 0-0 6. Be3 a6 7. a4 Nc6 8. d5 Ne5 9. Nxe5 dxe5 10. a5 e6 11. Bc5 Re8 12. Bc4 exd5 13. Nxd5 Nxe4 14. Be7 Qd7 15. Qe2 Nd6 16. Bf6 Qc6 17. Bb3 Nb5 18. Ne7+ Rxe7 19. Bxe7 Nd4 20. Qe3 Be6 21. Ba4 b5 22. axb6 Qxg2 23. 0-0-0 cxb6 24. c3 Nf5 0-1

[Event "Qatar Masters op"]
[Site "Doha"]
[Date "2014.12.02"]
[Round "7"]
[White "Zhu, Chen"]
[Black "Nuri, Kambez"]
[Result "0-1"]
[WhiteElo "2447"]
[BlackElo "2300"]
[PlyCount "113"]
[EventDate "2014.11.26"]
[EventType "swiss"]
[EventRounds "9"]
[EventCountry "QAT"]
[SourceTitle "CBM 164"]
[Source "ChessBase"]
[SourceDate "2015.01.15"]
[SourceVersion "1"]
[SourceVersionDate "2015.01.15"]
[SourceQuality "1"]

1. d4 d5 2. c4 e6 3. Nf3 c5 4. cxd5 exd5 5. Nc3 Nc6 6. g3 Nf6 7. Bg2 Be7 8. 0-0 0-0 9. Bg5 c4 10. Ne5 Be6 11. Nxc6 bxc6 12. b3 h6 13. Bf4 cxb3 14. axb3 Bd6 15. Qd2 Bxf4 16. Qxf4 Qb8 17. Qd2 Bf5 18. Ra3 Qb4 19. Rfa1 Rab8 20. h3 Rfc8 21. Rxa7 Qxb3 22. Na4 Be4 23. Nc5 Qb2 24. Qxb2 Rxb2 25. Bf1 Bg6 26. g4 Rd2 27. e3 h5 28. Ra8 Rxa8 29. Rxa8+ Kh7 30. f3 hxg4 31. hxg4 Bb1 32. Rb8 Ba2 33. Bd3+ Kh6 34. Rh8+ Kg5 35. Bf5 Nxg4 36. Bxg4 g6 37. Nd7 f5 38. Bh3 f4 39. exf4+ Kxf4 40. Bg2 Rxd4 41. Kh2 Bb1 42. Rh4+ Ke3 43. Rh6 Kf4 44. Rh4+ Ke3 45. Rh6 Kf2 46. Ne5 c5 47. Ng4+ Ke2 48. Kg3 c4 49. Rh2 Bf5 50. Ne5 Kd1 51. f4 c3 52. Nf3 Rd3 53. Kf2 Kc1 54. Bf1 Rd1 55. Rh8 Kb2 56. Rb8+ Ka3 57. Ne1 0-1

[Event "Qatar Masters op"]
[Site "Doha"]
[Date "2014.11.26"]
[Round "1"]
[White "Grandelius, Nils"]
[Black "Nuri, Kambez"]
[Result "1-0"]
[WhiteElo "2573"]
[BlackElo "2300"]
[PlyCount "35"]
[EventDate "2014.11.26"]
[EventType "swiss"]
[EventRounds "9"]
[EventCountry "QAT"]
[SourceTitle "CBM 164"]
[Source "ChessBase"]
[SourceDate "2015.01.15"]
[SourceVersion "1"]
[SourceVersionDate "2015.01.15"]
[SourceQuality "1"]

1. Nf3 d6 2. d4 Nf6 3. Nc3 Bf5 4. Bg5 Nbd7 5. Nh4 Bg4 6. h3 Bh5 7. g4 Bg6 8. Bg2 c6 9. f4 Nd5 10. Nxd5 cxd5 11. f5 f6 12. Nxg6 hxg6 13. Bf4 gxf5 14. gxf5 Qb6 15. Qd3 Qxb2 16. 0-0 Rc8 17. Rab1 Qxa2 18. Rxb7 1-0

[Event "SUI-ch HT"]
[Site "Bern"]
[Date "2014.10.03"]
[Round "8"]
[White "Bauer, Christian"]
[Black "Nuri, Kambez"]
[Result "1-0"]
[WhiteElo "2641"]
[BlackElo "2292"]
[PlyCount "23"]
[EventDate "2014.09.27"]
[EventType "swiss"]
[EventRounds "9"]
[EventCountry "SUI"]
[SourceTitle "EXT 2016"]
[Source "ChessBase"]
[SourceDate "2015.10.08"]
[SourceVersion "1"]
[SourceVersionDate "2015.10.08"]
[SourceQuality "1"]

1. d4 d5 2. Bf4 e6 3. e3 c5 4. c3 Bd6 5. Bxd6 Qxd6 6. Qg4 Kf8 7. Nd2 b6 8. Ngf3 Ba6 9. Ne5 f6 10. Qf4 Ke8 11. Qg3 Qc7 12. Ng6 1-0

[Event "SUI-ch HT"]
[Site "Bern"]
[Date "2014.09.29"]
[Round "4"]
[White "Nuri, Kambez"]
[Black "Esper, Christian"]
[Result "1/2-1/2"]
[WhiteElo "2292"]
[BlackElo "1939"]
[PlyCount "98"]
[EventDate "2014.09.27"]
[EventType "swiss"]
[EventRounds "9"]
[EventCountry "SUI"]
[SourceTitle "EXT 2016"]
[Source "ChessBase"]
[SourceDate "2015.10.08"]
[SourceVersion "1"]
[SourceVersionDate "2015.10.08"]
[SourceQuality "1"]

1. e4 e6 2. Qe2 c5 3. g3 Nc6 4. c3 d6 5. Bg2 Nf6 6. d3 Be7 7. f4 Qc7 8. Na3 a6 9. Nc2 e5 10. f5 h5 11. h3 b5 12. Bg5 Bb7 13. Ne3 Qa5 14. Nf3 Nd4 15. Nxd4 cxd4 16. Nd1 dxc3 17. bxc3 Rc8 18. 0-0 Nxe4 19. Bxe7 Nxg3 20. Qf2 Bxg2 21. Kxg2 Nxf1 22. Bh4 b4 23. cxb4 Qd5+ 24. Kg1 Qxd3 25. Nb2 Qxh3 26. Rxf1 Qg4+ 27. Qg3 Qxg3+ 28. Bxg3 h4 29. Be1 Rc2 30. Rf2 Rxf2 31. Bxf2 Rh5 32. Nc4 Kd7 33. a4 Rxf5 34. b5 axb5 35. axb5 Rxf2 36. Kxf2 f6 37. Ne3 Kc8 38. Nf5 d5 39. Ne7+ Kb7 40. Nxd5 e4 41. Ne7 Kb6 42. Nf5 Kxb5 43. Nxh4 Kc4 44. Ke3 Kd5 45. Nf5 g5 46. Ng3 g4 47. Nxe4 f5 48. Ng3 Ke5 49. Nh5 g3 1/2-1/2

[Event "World University-ch 13th"]
[Site "Katowice"]
[Date "2014.08.22"]
[Round "6"]
[White "Tanaka, Toshiki"]
[Black "Nuri, Kambez"]
[Result "0-1"]
[WhiteElo "1848"]
[BlackElo "2322"]
[PlyCount "48"]
[EventDate "2014.08.18"]
[EventType "swiss"]
[EventRounds "9"]
[EventCountry "POL"]
[SourceTitle "CBM 161 Extra"]
[Source "ChessBase"]
[SourceDate "2014.08.29"]
[SourceVersion "1"]
[SourceVersionDate "2014.08.29"]
[SourceQuality "1"]

1. e4 c5 2. Nf3 d6 3. d4 cxd4 4. Nxd4 Nf6 5. Nc3 Nc6 6. Be2 e5 7. Nb3 Be7 8. 0-0 0-0 9. f4 a5 10. Be3 a4 11. Nd2 exf4 12. Rxf4 a3 13. b3 d5 14. exd5 Nb4 15. Nc4 Nfxd5 16. Nxd5 Nxd5 17. Rd4 Be6 18. Rd3 b5 19. Bf2 Bf6 20. Rc1 bxc4 21. bxc4 Nc3 22. Rxd8 Rfxd8 23. Qe1 Nxa2 24. Bf3 Nxc1 0-1

[Event "SUI-chT"]
[Site "Switzerland"]
[Date "2013.09.07"]
[Round "6.8"]
[White "Nuri, Kambez"]
[Black "Langwieser, Alexander"]
[Result "1-0"]
[WhiteElo "2288"]
[BlackElo "2137"]
[PlyCount "77"]
[EventDate "2013.03.17"]
[EventType "team-tourn"]
[EventRounds "9"]
[EventCountry "SUI"]
[SourceTitle "EXT 2014"]
[Source "ChessBase"]
[SourceDate "2013.11.20"]
[SourceVersion "1"]
[SourceVersionDate "2013.11.20"]
[SourceQuality "1"]
[WhiteTeam "Winterthur"]
[BlackTeam "Bodan"]
[WhiteTeamCountry "SUI"]
[BlackTeamCountry "SUI"]

1. e4 c6 2. d4 d5 3. exd5 cxd5 4. Bd3 Nc6 5. c3 Qc7 6. Ne2 Bg4 7. f3 Bd7 8. 0-0 e6 9. Bf4 Bd6 10. Bxd6 Qxd6 11. Nd2 Nge7 12. f4 Nf5 13. Rf3 h5 14. Qc2 Nce7 15. Re1 Rc8 16. Rh3 Rh6 17. Ng3 Nxg3 18. hxg3 Kd8 19. Qd1 Qb6 20. Nb3 e5 21. Rxh5 e4 22. Be2 Ba4 23. Rxh6 Qxh6 24. Bg4 Rc6 25. Kf2 f5 26. Be2 g5 27. Rh1 Qg7 28. Qd2 Re6 29. Nc5 e3+ 30. Kf1 Re4 31. Qc1 Bc6 32. Nxe4 fxe4 33. Qxe3 Nf5 34. Qf2 gxf4 35. gxf4 Bd7 36. g4 Nd6 37. Qh4+ Kc7 38. Qg5 Qf7 39. Rh6 1-0

[Event "Vienna op 18th"]
[Site "Vienna"]
[Date "2013.08.21"]
[Round "5"]
[White "Nuri, Kambez"]
[Black "Manea, Alexandru"]
[Result "0-1"]
[WhiteElo "2244"]
[BlackElo "2390"]
[PlyCount "52"]
[EventDate "2013.08.17"]
[EventType "swiss"]
[EventRounds "9"]
[EventCountry "AUT"]
[SourceTitle "CBM 156 Extra"]
[Source "ChessBase"]
[SourceDate "2013.10.22"]
[SourceVersion "1"]
[SourceVersionDate "2013.10.22"]
[SourceQuality "1"]

1. e4 c5 2. Nc3 e6 3. Nge2 a6 4. g3 h5 5. h4 Nc6 6. Bg2 Qc7 7. 0-0 Nf6 8. a4 Rb8 9. d4 cxd4 10. Nxd4 d6 11. Re1 Be7 12. Nxc6 bxc6 13. e5 dxe5 14. Rxe5 Qxe5 15. Bf4 Qc5 16. Bxb8 0-0 17. Qe2 Ng4 18. Bc7 Qa7 19. Ba5 Nxf2 20. Qxh5 Ng4+ 21. Kh1 e5 22. Be4 g6 23. Bxg6 fxg6 24. Qxg6+ Kh8 25. Ne4 Bf5 26. Qh5+ Kg7 0-1

[Event "Biel MTO op 46th"]
[Site "Biel"]
[Date "2013.07.30"]
[Round "8"]
[White "Meins, Gerlef"]
[Black "Nuri, Kambez"]
[Result "1/2-1/2"]
[WhiteElo "2474"]
[BlackElo "2244"]
[PlyCount "89"]
[EventDate "2013.07.22"]
[EventType "swiss"]
[EventRounds "11"]
[EventCountry "SUI"]
[SourceTitle "CBM 155 Extra"]
[Source "ChessBase"]
[SourceDate "2013.08.26"]
[SourceVersion "1"]
[SourceVersionDate "2013.08.26"]
[SourceQuality "1"]

1. d4 d5 2. c4 e6 3. Nf3 c5 4. cxd5 exd5 5. Nc3 Nc6 6. g3 Nf6 7. Bg2 Be7 8. 0-0 0-0 9. b3 Re8 10. Bb2 Bg4 11. h3 Bxf3 12. Bxf3 Nxd4 13. Bg2 Ne4 14. Nxe4 dxe4 15. e3 Nf3+ 16. Bxf3 exf3 17. Qxf3 Qc7 18. h4 Bd6 19. Rad1 Be5 20. Bxe5 Rxe5 21. Rd2 Re7 22. Rfd1 Rae8 23. h5 h6 24. Kg2 b5 25. Rd6 c4 26. bxc4 Qxc4 27. R1d2 a5 28. Qd5 Qxd5+ 29. R2xd5 Rb7 30. Ra6 a4 31. Ra5 Reb8 32. e4 Kf8 33. Kf3 Rc7 34. Rdxb5 Rc3+ 35. Kg4 Rxb5 36. Rxb5 Rc2 37. f4 Rxa2 38. Ra5 a3 39. e5 Ra1 40. Kf5 a2 41. g4 Ke7 42. Ra7+ Kf8 43. Ra8+ Ke7 44. Ra7+ Kf8 45. Ra8+ 1/2-1/2

[Event "Biel MTO op 46th"]
[Site "Biel"]
[Date "2013.07.27"]
[Round "6"]
[White "Farid, Firman Syah"]
[Black "Nuri, Kambez"]
[Result "1-0"]
[WhiteElo "2396"]
[BlackElo "2244"]
[PlyCount "42"]
[EventDate "2013.07.22"]
[EventType "swiss"]
[EventRounds "11"]
[EventCountry "SUI"]
[SourceTitle "CBM 155 Extra"]
[Source "ChessBase"]
[SourceDate "2013.08.26"]
[SourceVersion "1"]
[SourceVersionDate "2013.08.26"]
[SourceQuality "1"]

1. d4 Nf6 2. c4 g6 3. Nc3 Bg7 4. g3 0-0 5. Bg2 d6 6. Nf3 Nbd7 7. 0-0 e5 8. e3 c6 9. b3 e4 10. Nd2 d5 11. Bb2 Nb6 12. c5 Nbd7 13. f3 exf3 14. Qxf3 b6 15. cxb6 Nxb6 16. Kh1 Bf5 17. e4 dxe4 18. Ndxe4 Nxe4 19. Nxe4 Nd5 20. Rad1 h5 21. Ba3 Re8 1-0

[Event "Gibraltar Masters 11th"]
[Site "Caleta"]
[Date "2013.01.31"]
[Round "10"]
[White "Poetsch, Hagen"]
[Black "Nuri, Kambez"]
[Result "1-0"]
[WhiteElo "2437"]
[BlackElo "2241"]
[PlyCount "81"]
[EventDate "2013.01.22"]
[EventType "swiss"]
[EventRounds "10"]
[EventCountry "GGB"]
[SourceTitle "CBM 153"]
[Source "ChessBase"]
[SourceDate "2013.03.14"]
[SourceVersion "1"]
[SourceVersionDate "2013.03.14"]
[SourceQuality "1"]

1. e4 c5 2. Nf3 d6 3. d4 cxd4 4. Nxd4 Nf6 5. Nc3 Nc6 6. Bg5 e6 7. Qd2 a6 8. 0-0-0 Bd7 9. f4 b5 10. Bxf6 gxf6 11. Kb1 b4 12. Nce2 Qb6 13. Nxc6 Bxc6 14. f5 e5 15. Ng3 h5 16. h4 Qc5 17. Qe2 Ke7 18. Nxh5 Bb5 19. Qg4 Bh6 20. Bd3 Rac8 21. Qe2 Rhg8 22. Rh3 Rc6 23. Bxb5 axb5 24. a3 Ra8 25. Rd5 Qg1+ 26. Rd1 Qc5 27. Rd5 Qg1+ 28. Qd1 Qxg2 29. Rhd3 bxa3 30. bxa3 Rac8 31. Rxd6 Qxc2+ 32. Qxc2 Rxc2 33. Rd7+ Kf8 34. Rd8+ Rxd8 35. Rxd8+ Ke7 36. Kxc2 Kxd8 37. Nxf6 Bf8 38. Kb3 Be7 39. Ng4 Bxh4 40. Nxe5 f6 41. Nf3 1-0

[Event "Gibraltar Masters 11th"]
[Site "Caleta"]
[Date "2013.01.30"]
[Round "9"]
[White "Nuri, Kambez"]
[Black "Wiedersich, Jens"]
[Result "1-0"]
[WhiteElo "2241"]
[BlackElo "2120"]
[PlyCount "50"]
[EventDate "2013.01.22"]
[EventType "swiss"]
[EventRounds "10"]
[EventCountry "GGB"]
[SourceTitle "CBM 153"]
[Source "ChessBase"]
[SourceDate "2013.03.14"]
[SourceVersion "1"]
[SourceVersionDate "2013.03.14"]
[SourceQuality "1"]

1. e4 c5 2. Nf3 d6 3. d4 cxd4 4. Nxd4 Nf6 5. Nc3 g6 6. Be3 Bg7 7. f3 Nc6 8. Qd2 0-0 9. 0-0-0 Nxd4 10. Bxd4 Be6 11. Kb1 a6 12. g4 Rc8 13. h4 Bc4 14. h5 Qa5 15. Bxc4 Rxc4 16. Nd5 Qd8 17. Bxf6 exf6 18. Rh3 Qe8 19. Rdh1 Qe5 20. c3 Re8 21. hxg6 fxg6 22. Rxh7 Qg5 23. Qh2 Rcc8 24. Rxg7+ Kxg7 25. Qh7+ Kf8 1-0

[Event "Gibraltar Masters 11th"]
[Site "Caleta"]
[Date "2013.01.29"]
[Round "8"]
[White "Telljohann, Sven"]
[Black "Nuri, Kambez"]
[Result "1-0"]
[WhiteElo "2423"]
[BlackElo "2241"]
[PlyCount "57"]
[EventDate "2013.01.22"]
[EventType "swiss"]
[EventRounds "10"]
[EventCountry "GGB"]
[SourceTitle "CBM 153"]
[Source "ChessBase"]
[SourceDate "2013.03.14"]
[SourceVersion "1"]
[SourceVersionDate "2013.03.14"]
[SourceQuality "1"]

1. Nf3 Nf6 2. g3 e6 3. Bg2 d5 4. 0-0 c5 5. c4 Nc6 6. b3 Be7 7. Bb2 0-0 8. d3 d4 9. e4 Nd7 10. Ne1 f5 11. Bc1 Bd6 12. exf5 exf5 13. Bd5+ Kh8 14. Ng2 Nb4 15. Bf3 Ne5 16. Be2 Ng6 17. f4 Bd7 18. Bd2 Na6 19. Bf3 Rb8 20. Na3 Nc7 21. Rb1 Ne7 22. Nc2 Nc6 23. Re1 Qf6 24. Qe2 h6 25. Nh4 g5 26. fxg5 hxg5 27. Bxc6 Bxc6 28. Qh5+ Kg8 29. Bxg5 1-0

[Event "Basel Hilton op 15th"]
[Site "Basel"]
[Date "2013.01.05"]
[Round "7"]
[White "Nuri, Kambez"]
[Black "Ernst, Rolf"]
[Result "1-0"]
[WhiteElo "2241"]
[BlackElo "2131"]
[PlyCount "89"]
[EventDate "2013.01.01"]
[EventType "swiss"]
[EventRounds "7"]
[EventCountry "SUI"]
[SourceTitle "CBM 152 Extra"]
[Source "ChessBase"]
[SourceDate "2013.02.25"]
[SourceVersion "1"]
[SourceVersionDate "2013.02.25"]
[SourceQuality "1"]

1. e4 c5 2. Nc3 d6 3. Nge2 a6 4. d4 cxd4 5. Nxd4 b5 6. a3 Nf6 7. g3 e6 8. Bg2 Bb7 9. 0-0 Qc7 10. Re1 Nbd7 11. a4 b4 12. Na2 Nc5 13. f3 a5 14. b3 Be7 15. c3 Qb6 16. Be3 bxc3 17. Nxc3 0-0 18. Ra2 Rfd8 19. Rd2 d5 20. e5 Nfd7 21. f4 Qc7 22. Ndb5 Qb6 23. Bd4 Nb8 24. f5 Bf8 25. fxe6 fxe6 26. Qg4 Nc6 27. Qxe6+ Nxe6 28. Bxb6 d4 29. Nd5 Nb4 30. Nf4 Nxf4 31. Bxb7 Nfd3 32. Bxa8 Rxa8 33. Re4 Rc8 34. Bxd4 Rc1+ 35. Kg2 Ne1+ 36. Kf2 Ned3+ 37. Kg2 Ne1+ 38. Kf2 Ned3+ 39. Ke2 Re1+ 40. Kf3 Rb1 41. Re3 Ne1+ 42. Ke4 Nec2 43. Ree2 Nxd4 44. Nxd4 Kf7 45. Rf2+ 1-0